000 03470aam a22007691a 4500
001 12685
003 UkOxU
005 20230506105001.0
006 m || d |
007 cr |||||||||||
008 230506s2013 njuab ob 001 0 eng d
015 _aGBB7H2589
_2bnb
020 _a978184614761
020 _a1400848776
_q(electronic bk.)
020 _a9781846147623
_q(electronic bk.)
020 _a184614762X
_q(electronic bk.)
020 _z9780691160795
035 _a(BDJhCC)12685
037 _aPenguinGroup303784
_bIngram Content Group
040 _aN$T
_beng
_epn
_cN$T
_dEBLCP
_dYDXCP
_dE7B
_dMHW
_dMEAUC
_dJSTOR
_dLRU
_dOCLCF
_dOCLCO
_dOCLCQ
_dOCL
_dTEFOD
_dOCLCQ
_dOTZ
_dMERUC
_dUk
_dBDJhCC
042 _aukblsr
050 4 _aHC435.2
072 7 _aBUS
_x020000
_2bisacsh
072 7 _aBUS
_x068000
_2bisacsh
072 7 _aBUS
_x092000
_2bisacsh
072 7 _aBUS
_x079000
_2bisacsh
072 7 _aBUS
_x062000
_2bisacsh
072 7 _aPOL
_x024000
_2bisacsh
072 7 _aPOL024000
_2bisacsh
072 7 _aSOC000000
_2bisacsh
072 7 _aPOL007000
_2bisacsh
072 7 _aHIS017000
_2bisacsh
072 7 _aBUS068000
_2bisacsh
082 0 4 _a338.954
_223
_bDRU 2013
100 1 _aDrèze, Jean.
245 1 3 _aAn uncertain glory :
_bIndia and its contradictions /
_cJean Drèze and Amartya Sen.
260 _aPrinceton :
_bPrinceton University Press,
_c©2013.
300 _a1 online resource (xiii, 433 pages) :
_billustrations, map.
336 _atext
_2rdacontent
337 _acomputer
_2rdamedia
338 _aonline resource
_2rdacarrier
500 _aAcademic
504 _aIncludes bibliographical references and indexes.
505 0 _a1 A New India? -- 2 Integrating Growth and Development -- 3 India in Comparative Perspective -- 4 Accountability and Corruption -- 5 The Centrality of Education -- 6 India's Health Care Crisis -- 7 Poverty and Social Support -- 8 The Grip of Inequality -- 9 Democracy, Inequality and Public Reasoning -- 10 The Need for Impatience.
506 1 _aLegal Deposit;
_cOnly available on premises controlled by the deposit library and to one user at any one time;
_eThe Legal Deposit Libraries (Non-Print Works) Regulations (UK).
_5UkOxU
540 _aRestricted: Printing from this resource is governed by The Legal Deposit Libraries (Non-Print Works) Regulations (UK) and UK copyright law currently in force.
_5UkOxU
588 0 _aPrint version record.
650 7 _aHISTORY / Asia / India & South Asia
_2bisacsh
650 7 _aBUSINESS & ECONOMICS
_xDevelopment
_xBusiness Development.
_2bisacsh
650 7 _aBUSINESS & ECONOMICS
_xDevelopment
_xEconomic Development.
_2bisacsh
650 7 _aBUSINESS & ECONOMICS
_xDevelopment
_xGeneral.
_2bisacsh
650 7 _aBUSINESS & ECONOMICS
_xGovernment & Business.
_2bisacsh
650 7 _aBUSINESS & ECONOMICS
_xStructural Adjustment.
_2bisacsh
650 7 _aPOLITICAL SCIENCE
_xPublic Policy
_xEconomic Policy.
_2bisacsh
650 7 _aEconomic development.
_2fast
_0(OCoLC)fst00901785
650 7 _aEconomic history.
_2fast
_0(OCoLC)fst00901974
650 7 _aSocial conditions
_2fast
_0(OCoLC)fst01919811
650 0 _aEconomic development
_zIndia
_xHistory.
651 0 _aIndia
_xEconomic conditions
_y1947-
651 0 _aIndia
_xSocial conditions
_y1947-
651 7 _aIndia.
_2fast
_0(OCoLC)fst01210276
655 4 _aElectronic books.
655 7 _aHistory.
_2fast
_0(OCoLC)fst01411628
700 1 _aSen, Amartya,
_d1933-
942 _2ddc
_cBK
999 _c12685
_d12685